[Event "Amber-blindfold 16th"]
[Site "Monte Carlo"]
[Date "2007.03.17"]
[Round "1"]
[White "Morozevich, Alexander"]
[Black "Anand, Viswanathan"]
[Result "1-0"]
[WhiteElo "2741"]
[BlackElo "2779"]
[PlyCount "95"]
[EventDate "2007.03.17"]
[EventType "tourn (rapid)"]
[EventRounds "11"]
[EventCountry "MNC"]
[EventCategory "20"]
[SourceTitle "CBM 117 Extra"]
[Source "ChessBase"]
[SourceDate "2007.05.09"]
[SourceVersion "1"]
[SourceVersionDate "2007.05.09"]
[SourceQuality "1"]

1. Nf3 Nf6 2. g3 d5 3. Bg2 c6 4. d3 g6 5. O-O Bg7 6. Nbd2 O-O 7. e4 Bg4 8. h3 Bxf3 9. Qxf3 dxe4 10. dxe4 Nbd7 11. Qe2 e5 12. a4 Qc7 13. Nc4 Rfd8 14. Be3 Nb6 15. Nd2 $146 ({RR} 15. a5 Nxc4 16. Qxc4 Ne8 17. Qb3 Nd6 18. Bg5 Rd7 19. c3 h6 20. Be3 Nb5 21. h4 Rad8 22. Bf3 Qb8 23. h5 g5 24. Bg4 Rd3 25. Be2 R3d7 26. Bxb5 cxb5 27. Qxb5 Bf8 28. Qe2 b6 29. axb6 axb6 {Weiler,W (2026)-Ehrlacher,M Frankfurt 2001 1-0 (57)}) 15... Ne8 16. c3 Nd7 17. f4 exf4 18. gxf4 Nd6 19. Qf2 Re8 20. a5 b6 21. axb6 axb6 22. Qf3 Rxa1 23. Rxa1 Nf8 24. Bf2 c5 25. h4 Qd8 26. Rd1 Qe7 27. Re1 Rd8 28. Re2 Bh6 29. Bh3 Qb7 30. h5 Re8 31. Bg2 f5 32. Qd3 Qc7 33. e5 Nf7 34. Bd5 Ne6 35. Bxe6 Rxe6 36. Bg3 Qc6 37. c4 Re7 38. Qd5 Qe6 39. hxg6 hxg6 40. Nf3 g5 41. Rg2 Kf8 42. fxg5 Bxg5 43. Nxg5 Nxg5 44. Qd8+ Kf7 45. Bf4 Nf3+ 46. Kf2 Re8 47. Qc7+ Re7 48. Qb8 1-0

[Event "Dos Hermanas Internet f 8th"]
[Site "ICC INT"]
[Date "2007.03.24"]
[Round "3.1"]
[White "Petrosian, Tigran L"]
[Black "Mamedyarov, Shakhriyar"]
[Result "1-0"]
[WhiteElo "2592"]
[BlackElo "2754"]
[PlyCount "153"]
[EventDate "2007.03.23"]
[EventType "k.o. (blitz)"]
[EventRounds "5"]
[EventCountry "USA"]
[SourceTitle "CBM 117 Extra"]
[Source "ChessBase"]
[SourceDate "2007.05.09"]
[SourceVersion "1"]
[SourceVersionDate "2007.05.09"]
[SourceQuality "1"]

1. Nf3 Nf6 2. d4 g6 3. g3 Bg7 4. Bg2 O-O 5. O-O d6 6. Nbd2 c5 7. c3 Nc6 8. dxc5 dxc5 9. e4 Qd3 ({RR} 9... Ng4 10. Nc4 Qxd1 11. Rxd1 b6 12. h3 Be6 13. Na3 Nge5 14. Nxe5 Nxe5 15. f4 Rad8 16. Rxd8 Rxd8 17. fxe5 Rd1+ 18. Kf2 Bh6 19. Bxh6 Rxa1 20. c4 Rxa2 21. Bc1 Ra1 22. Bd2 a6 23. Bf1 h5 24. h4 {Georgiev,K (2650)-Ristic,N (2475) Budva 2002 ½-½ (62)}) 10. Re1 Rd8 11. Bf1 Qd7 12. h3 $146 ({RR} 12. Qe2 b6 13. Nb3 a5 14. Bf4 Ba6 15. c4 a4 16. Rad1 Qg4 17. Nbd2 Rd7 18. h3 Qh5 19. e5 g5 20. Bxg5 Ne8 21. e6 Rd6 22. exf7+ Qxf7 23. Bf4 Rg6 24. Bg2 Rd8 25. b3 axb3 26. axb3 Bb7 {Waltermann,J (1890)-Niermann,R (2027) Germany 2012 1-0 (52)}) ({RR} 12. Qc2 Ng4 13. h3 Nge5 14. Nxe5 Nxe5 15. a4 Nd3 16. Bxd3 Qxd3 17. Qxd3 Rxd3 18. Kg2 Be6 19. Nf3 Rad8 20. Be3 b6 21. a5 Bb3 22. axb6 axb6 23. Ra6 R3d6 24. Bf4 Rc6 25. Rea1 h6 26. Ra8 Rcc8 {Kopylov,D (2427)-Jayasundara,P (1874) chess.com INT 2025 1-0 (78)}) ({RR} 12. Qc2 b6 13. Nc4 Bb7 14. e5 Ng4 15. Bg2 b5 16. e6 fxe6 17. Ne3 Nge5 18. Nxe5 Nxe5 19. Rd1 Qc7 20. Be4 Rxd1+ 21. Nxd1 Nf3+ 22. Bxf3 Bxf3 23. Bf4 e5 24. Bg5 Rd8 25. Ne3 Qd7 26. Re1 a6 {Piesik,P (2400)-Cardoso Cardoso,J (2407) Chess.com INT 2021 0-1 (43)}) 12... Qc7 13. Qc2 b6 14. a4 Nd7 15. Nc4 Nde5 16. Nfxe5 Nxe5 17. Nxe5 Bxe5 18. f4 Bg7 19. Be3 Bb7 20. Bg2 e5 21. f5 Rd7 22. Rf1 Rad8 23. fxg6 hxg6 24. Bg5 Re8 25. Qe2 c4 26. Rad1 Bc8 27. Kh2 Rxd1 28. Rxd1 Bd7 29. Qc2 Qc6 30. Bf1 Be6 31. Be3 a6 32. h4 b5 33. axb5 Qxb5 34. Rd2 a5 35. Qd1 Bf6 36. Bh3 Bxh3 37. Kxh3 Kg7 38. Rd7 Re7 39. Rd6 Rb7 40. h5 Be7 41. Rd5 Qxb2 42. Qf3 Kg8 43. Qg4 Qb1 44. Rd1 Qb5 45. hxg6 Qc6 46. gxf7+ Kxf7 47. Rf1+ Ke8 48. Qh5+ Kd8 49. Qh8+ Kc7 50. Qxe5+ Kc8 51. Qf5+ Qd7 52. Ra1 Rb5 53. Qxd7+ Kxd7 54. Ra4 Bf6 55. Rxc4 Rb3 56. Bd4 Be7 57. Ra4 Bd8 58. Kg4 Kc6 59. c4 Bb6 60. Bxb6 Kxb6 61. Kf4 Rb1 62. g4 Rf1+ 63. Ke5 Rg1 64. Kf5 Rf1+ 65. Ke6 Rg1 66. e5 Rg2 67. Kf5 Rf2+ 68. Kg5 Re2 69. Kf6 Rf2+ 70. Ke7 Rg2 71. e6 Ka6 72. Kd6 Rxg4 73. e7 Re4 74. c5 Re1 75. Ra2 Kb5 76. Rb2+ Kc4 77. c6 1-0

[Event "Dos Hermanas Internet f 8th"]
[Site "ICC INT"]
[Date "2007.03.24"]
[Round "3.5"]
[White "Petrosian, Tigran L"]
[Black "Mamedyarov, Shakhriyar"]
[Result "1-0"]
[WhiteElo "2592"]
[BlackElo "2754"]
[PlyCount "113"]
[EventDate "2007.03.23"]
[EventType "k.o. (blitz)"]
[EventRounds "5"]
[EventCountry "USA"]
[SourceTitle "CBM 117 Extra"]
[Source "ChessBase"]
[SourceDate "2007.05.09"]
[SourceVersion "1"]
[SourceVersionDate "2007.05.09"]
[SourceQuality "1"]

1. Nf3 Nf6 2. g3 g6 3. Bg2 Bg7 4. O-O O-O 5. d4 d6 6. Nbd2 c5 7. dxc5 dxc5 8. e4 Nc6 9. c3 Qc7 10. Re1 Rd8 11. Qc2 Ng4 12. Nc4 Be6 13. Bf4 Nge5 14. Ne3 Nxf3+ 15. Bxf3 Ne5 16. Bg2 h6 $146 ({RR} 16... c4 17. Nd5 Qd7 18. Bxe5 Bxe5 19. Rad1 Bxd5 20. Rxd5 Qc7 21. Red1 e6 22. Rxd8+ Rxd8 {½-½ (21) Derjabin,I (2117)-Balogh,C (2235) Artek 1999}) 17. Nd5 Qd6 18. Rad1 Bg4 19. Rd2 g5 20. Bxe5 Qxe5 21. f4 gxf4 22. gxf4 Qh5 23. Nxe7+ Kh8 24. Nd5 Rg8 25. Re3 Rad8 26. Rg3 Be6 27. e5 Qh4 28. Qc1 h5 29. Qd1 Bg4 30. Qf1 Bf5 31. c4 Bh6 32. Qf2 Rg7 33. Nf6 Rb8 34. Rxg7 Qxf2+ 35. Rxf2 Bxg7 36. Nxh5 Bh6 37. Nf6 b5 38. Bd5 bxc4 39. Bxc4 Kg7 40. Rg2+ Kh8 41. Rf2 Kg7 42. Nh5+ Kf8 43. Ng3 Bb1 44. b3 Rd8 45. Kg2 Rd4 46. f5 Be3 47. Re2 Bf4 48. e6 fxe6 49. fxe6 Ke7 50. Rf2 Bxg3 51. Rf7+ Kd6 52. Kxg3 Bg6 53. Rg7 Be8 54. Rxa7 Rd1 55. Ra8 Ke7 56. Kf4 Rd4+ 57. Ke5 1-0

[Event "EU-ch 8th"]
[Site "Dresden"]
[Date "2007.04.13"]
[Round "10"]
[White "Damljanovic, Branko"]
[Black "Romanov, Evgeny"]
[Result "1-0"]
[WhiteElo "2585"]
[BlackElo "2520"]
[PlyCount "91"]
[EventDate "2007.04.03"]
[EventType "swiss"]
[EventRounds "11"]
[EventCountry "GER"]
[SourceTitle "CBM 118"]
[Source "ChessBase"]
[SourceDate "2007.05.31"]
[SourceVersion "1"]
[SourceVersionDate "2007.05.31"]
[SourceQuality "1"]

1. Nf3 d5 2. c4 d4 3. b4 g6 4. d3 Bg7 5. Nbd2 e5 6. g3 a5 7. b5 b6 8. Bg2 Bb7 9. O-O Nd7 10. Ba3 Ne7 11. Qc2 $146 ({RR} 11. Rc1 O-O 12. e3 dxe3 13. fxe3 Nc5 14. Ne4 Bxe4 15. dxe4 Qxd1 16. Rcxd1 Rad8 17. Bh3 Bf6 18. Bxc5 bxc5 19. a4 Bg7 20. Bd7 Bh6 21. Kf2 f5 22. Nxe5 fxe4+ 23. Ke2 Kg7 24. Rxf8 Rxf8 25. Bh3 Bg5 {Elsness,F (2464)-Tari,A (2578) Kristiansund 2017 1-0}) 11... O-O 12. Rad1 Re8 13. Rfe1 Rb8 14. Nh4 Bxg2 15. Nxg2 Nf5 16. e4 dxe3 17. fxe3 Nf8 18. Ne4 Ne6 19. Rf1 h5 20. Qf2 Nh6 21. Kh1 f5 22. Nc3 Ng4 23. Qe1 Ng5 24. e4 Nh3 25. Nd5 Bf8 26. Bc1 Bc5 27. Nge3 Bxe3 28. Bxe3 Rf8 29. exf5 gxf5 30. Kg2 f4 31. Bxf4 Qe7 32. Qe4 Nxf4+ 33. gxf4 Qg7 34. Kh1 exf4 35. Ne7+ Kh8 36. Ng6+ Kg8 37. Nxf8 Rxf8 38. Qd5+ Qf7 39. Qxf7+ Rxf7 40. Rde1 Ne3 41. Rxe3 fxe3 42. Rxf7 Kxf7 43. Kg2 Kf6 44. Kf3 Kg5 45. Kxe3 Kg4 46. d4 1-0

[Event "Sigeman & Co 15th"]
[Site "Malmo"]
[Date "2007.04.24"]
[Round "7"]
[White "Timman, Jan H"]
[Black "Berg, Emanuel"]
[Result "1-0"]
[WhiteElo "2545"]
[BlackElo "2574"]
[PlyCount "55"]
[EventDate "2007.04.18"]
[EventType "tourn"]
[EventRounds "9"]
[EventCountry "SWE"]
[EventCategory "13"]
[SourceTitle "CBM 118"]
[Source "ChessBase"]
[SourceDate "2007.05.31"]
[SourceVersion "1"]
[SourceVersionDate "2007.05.31"]
[SourceQuality "1"]

1. Nf3 Nf6 2. g3 b5 3. Bg2 Bb7 4. O-O e6 5. d3 Be7 6. e4 d5 7. exd5 ({RR} 7. e5 Nfd7 8. d4 c5 9. c3 a5 10. a4 b4 11. Re1 O-O 12. h4 Nc6 13. Nbd2 Ba6 14. Nf1 bxc3 15. bxc3 cxd4 16. cxd4 Rc8 17. Bg5 Nb4 18. Ne3 h6 19. Bxe7 Qxe7 20. Bf1 Bxf1 21. Kxf1 Nb6 {Baloglu,D (1944)-Cordeiro,M (2023) chess.com INT 2025 0-1 (35)}) 7... Nxd5 8. c4 ({RR} 8. Nd4 b4 9. c4 bxc3 10. Qb3 cxb2 11. Bxb2 Nd7 12. Qxb7 Rb8 13. Qxa7 Bc5 14. Qa5 Rxb2 15. Nc6 Qg5 16. Nc3 Nxc3 17. Qxc3 Qd2 18. Qxg7 Bxf2+ 19. Kh1 Rf8 20. Rad1 Qe2 21. Rb1 Rd2 22. Qg5 f6 {Hammer,J (2647)-Berg,E (2547) Sweden 2014 1-0 (32)}) 8... Nb4 9. Ne5 $146 ({RR} 9. Nc3 a6 10. Ne5 Bxg2 11. Kxg2 Nd7 12. Nf3 Qb8 13. a3 Nc6 14. d4 bxc4 15. d5 Nce5 16. Nxe5 Nxe5 17. Qa4+ Kf8 18. f4 Nd3 19. Qxc4 Nxc1 20. Raxc1 Qb7 21. Kh3 Rd8 22. dxe6 Rd2 23. Ne4 Rxb2 {Theodorou,N (2604)-Makarian,R (2548) chess.com INT 2023 ½-½ (63)}) ({RR} 9. Nc3 a6 10. cxb5 O-O 11. bxa6 Rxa6 12. d4 Nd7 13. Bf4 Qa8 14. Rc1 c5 15. a3 Nd5 16. Nxd5 Bxd5 17. dxc5 Nxc5 18. Qe2 Nb3 19. Rc7 Bd8 20. Rd7 Bf6 21. Rd1 Ra4 22. Bd6 Rc8 23. Bb4 Nc5 {Andreikin,D (2729)-Makarian,R (2497) Cheliabinsk 2022 1-0 (54)}) ({RR} 9. Nc3 a6 10. cxb5 O-O 11. bxa6 Rxa6 12. d4 Nd7 13. a3 Qa8 14. Bd2 Nd5 15. Nxd5 Bxd5 16. Rc1 Qb7 17. Bc3 Nb6 18. Ne1 Bxg2 19. Nxg2 Nd5 20. Ne3 Nxc3 21. Rxc3 Qxb2 22. Rxc7 Bf6 23. g4 {½-½ (23) Triapishko,A (2506)-Makarian,R (2546) Dzhubga RUS 2023}) 9... Bxg2 10. Kxg2 N8c6 11. Nxc6 Nxc6 12. Nc3 a6 13. Be3 O-O 14. Qf3 Nd4 15. Bxd4 Qxd4 16. cxb5 axb5 17. Nxb5 Qxb2 18. a4 Bf6 19. d4 c5 20. Rab1 Qa2 21. dxc5 Rxa4 22. c6 Rc4 23. c7 Be5 24. Rbc1 g5 25. Qb7 g4 26. Rfe1 f6 27. Rxc4 Qxc4 28. Re4 1-0

[Event "Ostrava"]
[Site "Ostrava"]
[Date "2007.04.28"]
[Round "1"]
[White "Movsesian, Sergei"]
[Black "Laznicka, Viktor"]
[Result "1-0"]
[WhiteElo "2642"]
[BlackElo "2608"]
[PlyCount "143"]
[EventDate "2007.04.28"]
[EventType "tourn"]
[EventRounds "6"]
[EventCountry "CZE"]
[EventCategory "16"]
[SourceTitle "CBM 118"]
[Source "ChessBase"]
[SourceDate "2007.05.31"]
[SourceVersion "1"]
[SourceVersionDate "2007.05.31"]
[SourceQuality "1"]

1. Nf3 d5 2. g3 Nf6 3. Bg2 g6 4. O-O Bg7 5. d3 O-O 6. Nc3 c5 7. e4 Nc6 8. Nxd5 Nxd5 9. exd5 Qxd5 10. Nd2 Qd7 11. a4 Qc7 ({RR} 11... b6 12. Nc4 Bb7 13. a5 Nd4 14. c3 Bxg2 15. Kxg2 Qc6+ 16. f3 Ne6 17. axb6 axb6 18. Rxa8 Rxa8 19. Qe2 b5 20. Ne5 Qd6 21. f4 Rd8 22. Rf3 Qd5 23. Qe4 Qxe4 24. dxe4 Bxe5 25. fxe5 h5 26. Rf1 {Parthasarathy,R (1916)-Harsha,B (2471) Mumbai 2018 ½-½ (71)}) 12. Ne4 b6 13. a5 Bb7 $146 ({RR} 13... Be6 14. axb6 axb6 15. Rxa8 Rxa8 16. Ng5 Bd7 17. c3 h6 18. Ne4 Rd8 19. Nd2 Na5 20. Ne4 Nc6 {½-½ (19) Ciocaltea,V-Radulescu,M Romania 1961}) 14. a6 Bc8 15. Re1 Bf5 16. Nc3 Rad8 17. Nd5 Qd7 18. Bg5 Rfe8 19. Qd2 f6 20. Bh6 Nd4 21. Bxg7 Kxg7 22. Ne3 Bh3 23. Bh1 e5 24. Qd1 h5 25. c3 Ne6 26. Qf3 Qf7 27. Rad1 Ng5 28. Qc6 Re6 29. Qa4 Red6 30. Qc2 Qd7 31. f4 exf4 32. gxf4 Ne6 33. Qf2 g5 34. fxg5 Nxg5 35. Be4 Bg4 36. Bg2 Bxd1 37. Nf5+ Kg6 38. Nxd6 Qg4 39. Qf5+ Qxf5 40. Nxf5 Kxf5 41. Rxd1 h4 42. Kf2 Kf4 43. Ra1 c4 44. d4 h3 45. Bh1 f5 46. Re1 Rd7 47. Re8 Rg7 48. Rh8 Ne4+ 49. Bxe4 Kxe4 50. Rxh3 b5 51. Re3+ Kf4 52. Rf3+ Ke4 53. h4 Rg6 54. Re3+ Kf4 55. d5 Rh6 56. Re7 Rxh4 57. Rxa7 Rh2+ 58. Ke1 Ke5 59. Ra8 Rh7 60. a7 Re7 61. Kd2 Kf4 62. d6 Rh7 63. Kc2 Rf7 64. Kb1 Kf3 65. Ka2 f4 66. Ka3 Kf2 67. Kb4 f3 68. Kxb5 Kf1 69. Kb6 f2 70. Rh8 Ke2 71. a8=Q f1=Q 72. Qe4+ 1-0

[Event "CRO-chT 16th"]
[Site "Sibenik"]
[Date "2007.05.21"]
[Round "5"]
[White "Kozul, Zdenko"]
[Black "Pavasovic, Dusko"]
[Result "1-0"]
[WhiteElo "2610"]
[BlackElo "2567"]
[PlyCount "95"]
[EventDate "2007.05.17"]
[EventType "team"]
[EventRounds "5"]
[EventCountry "CRO"]
[SourceTitle "CBM 118 Extra"]
[Source "ChessBase"]
[SourceDate "2007.07.04"]
[SourceVersion "1"]
[SourceVersionDate "2007.07.04"]
[SourceQuality "1"]

1. Nf3 d5 2. g3 Bg4 3. Bg2 Nd7 4. O-O Ngf6 5. d3 c6 6. Qe1 e5 7. h3 Bh5 8. e4 dxe4 9. dxe4 Bc5 10. Nbd2 O-O 11. Nc4 Re8 12. a4 Qc7 13. Nh4 b5 ({RR} 13... a5 14. Bd2 b6 15. Bc3 Nf8 16. Kh1 N6d7 17. f4 f6 18. fxe5 Nxe5 19. Nxe5 fxe5 20. g4 Bf7 21. Qg3 Ng6 22. Nf5 Bc4 23. Rfd1 Rad8 24. b3 Ba6 25. Bf1 Rxd1 26. Rxd1 Bxf1 27. Rxf1 b5 28. h4 {Meshkovs,N (2576)-Dubrovin,R (2219) Tallinn EST 2023 1-0 (37)}) 14. Ne3 a6 15. Nef5 Bf8 $146 ({RR} 15... Bg6 16. Bg5 Re6 17. Bf3 Bf8 18. Qe2 Nc5 19. axb5 cxb5 20. Rfd1 Nfd7 21. Bd2 Nb6 22. Nxg6 hxg6 23. Ne3 Ree8 24. Ba5 Qb7 25. Bg2 Ne6 26. c3 Rac8 27. Bxb6 Qxb6 28. h4 Nc7 29. b4 Rcd8 30. Rd3 {Markus,R (2618)-Prohaszka,P (2501) Rijeka 2010 ½-½ (63)}) 16. Bg5 h6 17. Bd2 Nc5 18. b3 bxa4 19. Ba5 Qc8 20. b4 Nb7 21. Rxa4 Nxa5 22. bxa5 Nd7 23. Bf3 Bxf3 24. Nxf3 g6 25. Ne3 Nc5 26. Rc4 Qxh3 27. Qc3 Ne6 28. Rxc6 Bg7 29. Nd5 Qg4 30. Re1 Nd4 31. Nxd4 exd4 32. Qd3 Rad8 33. Nf4 h5 34. Ng2 Rc8 35. Qxa6 Rxc6 36. Qxc6 Rc8 37. Qa4 Ra8 38. e5 Qc8 39. Nf4 Qc3 40. Re2 Qxa5 41. Qxd4 Rd8 42. Qe4 Qa1+ 43. Kh2 Rd4 44. Qf3 h4 45. e6 hxg3+ 46. fxg3 fxe6 47. Nxg6 Bf6 48. Qxf6 1-0

[Event "FRA-chT Top 16 Gp Basse"]
[Site "France"]
[Date "2007.05.31"]
[Round "8.1"]
[White "Movsesian, Sergei"]
[Black "Komarov, Dimitri"]
[Result "1-0"]
[WhiteElo "2642"]
[BlackElo "2540"]
[PlyCount "67"]
[EventDate "2007.05.31"]
[EventType "team"]
[EventRounds "11"]
[EventCountry "FRA"]
[SourceTitle "EXT 2008"]
[Source "ChessBase"]
[SourceDate "2007.11.25"]
[SourceVersion "1"]
[SourceVersionDate "2007.11.25"]
[SourceQuality "1"]
[WhiteTeam "Vandoeuvre"]
[BlackTeam "Drancy"]
[WhiteTeamCountry "FRA"]
[BlackTeamCountry "FRA"]

1. Nf3 d5 2. g3 Bg4 3. Bg2 Nd7 4. O-O c6 5. d3 e5 6. h3 Bh5 7. e4 dxe4 8. dxe4 Bc5 9. Nbd2 Ne7 10. Nc4 Qc7 11. Qe1 $146 ({RR} 11. Bd2 f6 12. b4 Bb6 13. a4 a6 14. a5 Ba7 15. Be3 Bxe3 16. Nd6+ Kf8 17. fxe3 Bxf3 18. Rxf3 Rd8 19. Rf2 Nc8 20. Nxc8 Rxc8 21. Qh5 Ke7 22. Bf1 Nf8 23. Bc4 Ng6 24. g4 c5 25. Rb1 cxb4 {Minasian,A (2585)-Smeets,J (2531) Antalya 2004 ½-½ (41)}) 11... f6 12. b4 Bb6 13. a4 Bf7 14. Qc3 a5 15. Rd1 axb4 16. Qxb4 Bc5 17. Rxd7 Bxb4 18. Rxc7 Bxc4 19. Rxb7 c5 20. Bf1 Bxf1 21. Kxf1 Kf7 22. Be3 Rhb8 23. Rxb8 Rxb8 24. Rb1 Ra8 25. c3 Bxc3 26. Bxc5 Nc6 27. Rb7+ Ke6 28. Rc7 Ra6 29. Nh4 Bd4 30. Bf8 g6 31. g4 f5 32. Nxf5 gxf5 33. gxf5+ Kf6 34. h4 1-0

[Event "Abu Dhabi op 17th"]
[Site "Abu Dhabi"]
[Date "2007.08.14"]
[Round "3"]
[White "Amin, Bassem"]
[Black "Ganguly, Surya Shekhar"]
[Result "1-0"]
[WhiteElo "2535"]
[BlackElo "2586"]
[PlyCount "123"]
[EventDate "2007.08.12"]
[EventType "swiss"]
[EventRounds "9"]
[EventCountry "UAE"]
[SourceTitle "CBM 119 Extra"]
[Source "ChessBase"]
[SourceDate "2007.09.04"]
[SourceVersion "1"]
[SourceVersionDate "2007.09.04"]
[SourceQuality "1"]

1. Nf3 d5 2. g3 Nf6 3. Bg2 c6 4. O-O Bg4 5. h3 Bh5 6. d3 Nbd7 7. Qe1 e5 8. e4 Bd6 ({RR} 8... Be7 9. Nh4 O-O 10. Nd2 Re8 11. Nb3 a5 12. a4 Nc5 13. Nxc5 Bxc5 14. Bg5 h6 15. Bd2 Nh7 16. Kh2 Nf8 17. Be3 Ne6 18. Bxc5 Nxc5 19. Qc3 b6 20. exd5 cxd5 21. d4 Ne4 22. Qd3 exd4 23. Qxd4 {Nakamura,H (2793)-Kramnik,V (2811) Zuerich 2017 1-0 (76)}) 9. Nh4 O-O 10. f4 $146 ({RR} 10. Nf5 Bc7 11. a4 Bg6 12. Nh4 Nc5 13. exd5 Nxd5 14. b4 Ne6 15. Nxg6 hxg6 16. a5 Qf6 17. c3 Rfe8 18. Bb2 Nef4 19. Qe4 Nxg2 20. Kxg2 Qg5 21. h4 Qd8 22. Nd2 f5 23. Qc4 a6 24. Rae1 Qd6 {Kjartansson,G (2475)-Herbrig,A (2279) Munich GER 2024 1-0 (38)}) ({RR} 10. Nf5 Bc7 11. Nc3 Bg6 12. Nh4 Nc5 13. exd5 Nxd5 14. Nxg6 hxg6 15. Nxd5 cxd5 16. b4 Na4 17. c4 e4 18. cxd5 Qf6 19. Ba3 Be5 20. dxe4 Bxa1 21. Qxa1 Rfe8 22. Qd1 b5 23. Bc1 Rac8 24. Be3 Nc3 {Berczes,D (2408)-Moldagali,B (2398) Budapest HUN 2025 0-1 (44)}) ({RR} 10. Nf5 Bc7 11. a4 Bg6 12. Nh4 Nc5 13. exd5 Nxd5 14. b4 Ne6 15. Nxg6 hxg6 16. a5 Qf6 17. c3 Rfe8 18. Bb2 Nef4 19. Qe4 Nxg2 20. Kxg2 Qg5 21. h4 Qd8 22. Nd2 f5 23. Qc4 a6 24. Rae1 Qd6 {Kjartansson,G (2475)-Herbrig,A (2279) Munich GER 2024 1-0 (38)}) 10... exf4 11. gxf4 dxe4 12. dxe4 Nxe4 13. Bxe4 Re8 14. Nf5 Bc5+ 15. Kh2 Nf6 16. Qc3 Rxe4 17. Qxc5 Re2+ 18. Kg1 Qd7 19. Nc3 b6 20. Qc4 Qxf5 21. Nxe2 Qxh3 22. Qb3 Qxb3 23. axb3 Bxe2 24. Re1 Bf3 25. Re7 a6 26. c4 c5 27. Bd2 h5 28. Bc3 Ng4 29. Rf1 Bc6 30. Rd1 Rc8 31. Be1 a5 32. Bh4 Nh6 33. Ra7 f6 34. Ra6 Nf5 35. Bf2 Rb8 36. Bxc5 Bf3 37. Rxb6 Rc8 38. Rf1 Be4 39. Re1 Bf3 40. Rb5 h4 41. Bf2 g6 42. Rxa5 Kg7 43. Ra7+ Kh6 44. Rd7 Kh5 45. Kh2 Nh6 46. Rh7 Rd8 47. Re3 Bg4 48. Bxh4 Rd2+ 49. Kg3 g5 50. fxg5 fxg5 51. Rxh6+ Kxh6 52. Kxg4 Rd4+ 53. Kg3 gxh4+ 54. Kh3 Kg5 55. c5 Kf4 56. Rc3 Ke5 57. c6 Rd8 58. b4 Rc8 59. b5 Kd6 60. b4 Kc7 61. Kxh4 Rh8+ 62. Kg3 1-0

[Event "Abu Dhabi op 17th"]
[Site "Abu Dhabi"]
[Date "2007.08.16"]
[Round "5"]
[White "Amin, Bassem"]
[Black "Miroshnichenko, Evgenij"]
[Result "1-0"]
[WhiteElo "2535"]
[BlackElo "2671"]
[PlyCount "125"]
[EventDate "2007.08.12"]
[EventType "swiss"]
[EventRounds "9"]
[EventCountry "UAE"]
[SourceTitle "CBM 119 Extra"]
[Source "ChessBase"]
[SourceDate "2007.09.04"]
[SourceVersion "1"]
[SourceVersionDate "2007.09.04"]
[SourceQuality "1"]

1. e4 c5 2. Nf3 Nc6 3. g3 g6 4. Bg2 Bg7 5. d3 e6 6. O-O Nge7 7. Re1 O-O 8. c3 b6 9. Nbd2 d6 10. Nf1 Ba6 ({RR} 10... Ne5 11. Ne3 Ba6 12. Bf1 Nxf3+ 13. Qxf3 Bb7 14. Bg2 Qd7 15. Qe2 e5 16. f4 exf4 17. gxf4 f5 18. Nf1 Rae8 19. Be3 Bh6 20. Qd2 d5 21. e5 d4 22. e6 Qxe6 23. Bxd4 Qd7 24. Be5 Nc6 25. Qf2 {Haub,T (2469)-Van den Doel,E (2571) Germany 2012 0-1 (39)}) ({RR} 10... e5 11. Ne3 h6 12. h4 Be6 13. h5 g5 14. c4 Qd7 15. Nh2 f5 16. exf5 Nxf5 17. Bd5 Nfd4 18. Bxe6+ Qxe6 19. Nd5 Rf7 20. Re4 Raf8 21. Be3 Rf5 22. Qg4 Kh8 23. Rf1 Qf7 24. Kg2 Nc2 25. Qe2 {Krstic,P (2296)-Zysk,R (2404) Germany 2022 0-1 (49)}) 11. d4 cxd4 12. cxd4 Qd7 $146 ({RR} 12... Rc8 13. a3 Na5 14. Bd2 Qd7 15. Bc3 Rc7 16. Ne3 Rfc8 17. Rc1 Nc4 18. Nxc4 Bxc4 19. Nd2 Bb5 20. Nf3 Bh6 21. Ra1 Ba4 22. Qd3 d5 23. e5 Qb5 24. Bf1 Qxd3 25. Bxd3 a5 26. Nh4 Nc6 27. f4 {Labarta Gonzalez,I (2170)-Bermejo Collado,J (2345) Collado Villalba 1999 0-1 (64)}) 13. Be3 Rac8 14. Qd2 d5 15. e5 Nf5 16. Bf4 Qe7 17. Ne3 Qb4 18. Nxf5 Qxd2 19. Bxd2 gxf5 20. Rac1 Rfe8 21. Rc3 f6 22. Rec1 Bb7 23. exf6 Bxf6 24. Be3 Na5 25. Bg5 Rxc3 26. Rxc3 Bxg5 27. Nxg5 h6 28. Nf3 Rc8 29. Rxc8+ Bxc8 30. Bf1 Bd7 31. Ne5 Be8 32. f3 Kg7 33. Kf2 Kf6 34. Ke3 Nb7 35. Kf4 Nd6 36. g4 Bb5 37. Bg2 Nc4 38. Bf1 Nd6 39. Bh3 Be8 40. b3 Nb5 41. Ke3 f4+ 42. Kxf4 Nxd4 43. Bf1 Nc6 44. h4 Nxe5 45. g5+ hxg5+ 46. hxg5+ Kg6 47. Kxe5 Kxg5 48. Be2 Bf7 49. f4+ Kh4 50. Kf6 Bg8 51. Kg7 Kg3 52. Kxg8 Kxf4 53. Kf7 e5 54. Ke6 d4 55. Kd5 a5 56. Bd3 Ke3 57. Bg6 Kd2 58. Kxe5 Kc3 59. Kd5 Kb2 60. Kxd4 Kxa2 61. Kc3 Ka3 62. Be8 Ka2 63. Ba4 1-0

[Event "RUS-ch Higher League 60th"]
[Site "Krasnoyarsk"]
[Date "2007.09.08"]
[Round "5"]
[White "Malakhov, Vladimir"]
[Black "Potkin, Vladimir"]
[Result "1-0"]
[WhiteElo "2676"]
[BlackElo "2591"]
[PlyCount "93"]
[EventDate "2007.09.03"]
[EventType "swiss"]
[EventRounds "11"]
[EventCountry "RUS"]
[SourceTitle "CBM 120"]
[Source "ChessBase"]
[SourceDate "2007.10.02"]
[SourceVersion "1"]
[SourceVersionDate "2007.10.02"]
[SourceQuality "1"]

1. Nf3 d5 2. g3 Nf6 3. Bg2 c6 4. O-O Bf5 5. d3 e6 6. Nbd2 Be7 7. b3 O-O 8. Bb2 h6 9. Qe1 a5 10. e4 Bh7 11. a3 c5 12. a4 ({RR} 12. Ne5 Nc6 13. Nxc6 bxc6 14. f4 a4 15. Kh1 Re8 16. Qe2 Qb6 17. Rae1 Nd7 18. g4 Bf8 19. g5 hxg5 20. fxg5 axb3 21. cxb3 d4 22. e5 Bf5 23. Rf4 g6 24. b4 cxb4 25. Nc4 Qc7 26. Nd6 Bxd6 {Li,C (2720)-Mareco,S (2664) Chess.com INT 2017 1-0 (33)}) ({RR} 12. exd5 exd5 13. Ne5 a4 14. bxa4 Rxa4 15. Ndf3 Nbd7 16. Qc3 Ra6 17. Nxd7 Qxd7 18. Rfe1 Bf5 19. Ne5 Qc7 20. Rab1 Bd6 21. Qd2 b5 22. h3 d4 23. f4 Re8 24. g4 Bc8 25. c3 dxc3 26. Bxc3 Rxa3 {Kalvaitis,S (2160)-Morkunas,G (2199) Lithuania LTU 2025 ½-½ (59)}) 12... Nc6 13. Qe2 Re8 14. Rfe1 $146 ({RR} 14. Rae1 Rc8 15. exd5 exd5 16. Qd1 Bf8 17. Ne5 Nb4 18. Bh3 Rc7 19. Re2 Bd6 20. Rfe1 Rce7 21. Nb1 d4 22. Nc4 Bc7 23. Nba3 Nfd5 24. Nb5 b6 25. Ba3 Bg6 26. Bg4 Nc3 27. Nxc3 dxc3 28. Bxb4 axb4 {Vokarev,S (2443)-Prudnikova,S (2234) Cheliabinsk 2019 ½-½ (40)}) ({RR} 14. h3 Rc8 15. c3 Qb6 16. Rab1 Qa6 17. Rfe1 Red8 18. Bf1 Qb6 19. Red1 Qc7 20. Bg2 Qb8 21. Ne1 Re8 22. Nc2 Rcd8 23. f4 b5 24. Kh2 b4 25. c4 dxe4 26. Nxe4 Qc7 27. Qf3 Nxe4 28. dxe4 Bf8 {Yatsenko,A (2483)-Sveshnikov,E (2510) Satka 2008 0-1 (56)}) 14... Rc8 15. Ne5 Nd4 16. Qd1 Qc7 17. f4 Bf8 18. Rc1 Rcd8 19. exd5 exd5 20. Ndf3 Nf5 21. g4 Nd6 22. Nd2 c4 23. Bd4 b5 24. Nf1 bxa4 25. bxa4 Nb7 26. g5 hxg5 27. fxg5 Bc5 28. Bxc5 Rxe5 29. Rxe5 Qxe5 30. gxf6 Nxc5 31. d4 Qd6 32. dxc5 Qxc5+ 33. Kh1 gxf6 34. Qf3 d4 35. Qxf6 Rd6 36. Qf4 d3 37. cxd3 Bxd3 38. Nd2 Qd4 39. Qxd4 Rxd4 40. Kg1 Kf8 41. Kf2 Ke7 42. Bc6 Kd6 43. Bb5 Kd5 44. Kg3 f5 45. Bxc4+ Bxc4 46. Nxc4 Rg4+ 47. Kf3 1-0